000 00518nam a2200181Ia 4500
001 24971
005 20260414151119.0
008 260414t2016||||xx |||||||||||||| ||spa||
041 _aESP
082 _a346.01
_bF42 2016
100 _aFernández Sessarego, Carlos
_eAUT
245 0 _aDerecho de las personas :
_banálisis de cada artículo del libro primero del código civil peruano de 1984
260 _c2016
300 _a750 páginas :
_c25 cm.
650 _aDER
654 _aCDE
942 _cLIB
_dJUS
_fJUS
_2ddc
_n
999 _c24971
_d24971